[Event "3rd Chennai Open"]
[Site "Chennai IND"]
[Date "2011.01.22"]
[Round "7"]
[White "Neelotpal,D"]
[Black "Ni Hua"]
[Result "0-1"]
[WhiteElo "2477"]
[BlackElo "2645"]

1.Nf3 Nf6 2.c4 e6 3.g3 b6 4.d4 Ba6 5.Qa4 Bb7 6.Bg2 c5 7.dxc5 bxc5 8.O-O Be7
9.Nc3 O-O 10.Rd1 Qb6 11.Qb5 Rd8 12.Bf4 d6 13.Qxb6 axb6 14.b3 h6 15.Nb5 Ne8
16.Rd2 g5 17.Bxd6 Rxd6 18.Nxd6 Bxd6 19.Rad1 Bc7 20.h4 g4 21.Ne1 Bxg2 22.Kxg2 Nc6
23.Nd3 Nf6 24.f3 Nd4 25.b4 Nf5 26.Rc1 cxb4 27.c5 bxc5 28.Rxc5 Bd6 29.Rc6 gxf3+
30.exf3 Bxg3 31.Nxb4 Be1 32.Rb2 Bxb4 33.Rxb4 Rxa2+  0-1

[Event "3rd Chennai Open"]
[Site "Chennai IND"]
[Date "2011.01.24"]
[Round "9"]
[White "Nabaty,T"]
[Black "Ni Hua"]
[Result "1-0"]
[WhiteElo "2565"]
[BlackElo "2645"]

1.e4 e6 2.d4 d5 3.Nc3 Nf6 4.e5 Nfd7 5.f4 c5 6.Nf3 Nc6 7.Be3 Be7 8.Qd2 O-O
9.Be2 b6 10.Nd1 a5 11.c3 cxd4 12.cxd4 a4 13.Nc3 Bb4 14.O-O a3 15.b3 Bb7 16.Rac1 Rc8
17.Bd3 Ne7 18.Qe1 Ng6 19.Ng5 Qe7 20.Bd2 Ba5 21.Qe2 h6 22.Nxe6 fxe6 23.Bxg6 Nb8
24.Qg4 Ba6 25.Rf3 Nc6 26.f5 Qb4 27.Rf4 exf5 28.Bxf5 Rxf5 29.Qxf5 Nxd4 30.Qf7+ Kh7
31.Rf6 Nf5 32.Rxf5 Qd4+ 33.Rf2 Bxc3 34.Qf5+ Kg8 35.h3 Rc5 36.Rxc3 Rxc3 37.Bxc3 Qxc3
38.Kh2 Bd3 39.Qe6+ Kh7 40.Rf8 Be4 41.Qe8  1-0

[Event "3rd Chennai Open"]
[Site "Chennai IND"]
[Date "2011.01.26"]
[Round "11"]
[White "Sundararajan,K"]
[Black "Ni Hua"]
[Result "0-1"]
[WhiteElo "2449"]
[BlackElo "2645"]

1.d4 d5 2.c4 c6 3.Nc3 Nf6 4.e3 a6 5.Nf3 b5 6.c5 g6 7.Ne5 Bg7 8.Be2 a5 9.a3 Qc7
10.O-O O-O 11.f4 Ne4 12.Nxe4 dxe4 13.a4 b4 14.Qc2 f5 15.Bd2 Bxe5 16.Bc4+ e6
17.fxe5 Qe7 18.Be1 Na6 19.g4 Kh8 20.Bg3 Nc7 21.gxf5 exf5 22.e6 Nxe6 23.Be5+ Ng7
24.Qg2 Be6 25.Bd6 Qf7 26.Bxe6 Nxe6 27.Bxf8 Rxf8 28.Qg3 Nc7 29.Rae1 Nd5 30.Qd6 Qf6
31.Qxf6+ Rxf6 32.h4 b3 33.Kf2 Rf8 34.Ke2 Kg7 35.Rg1 Rb8 36.h5 Rb4 37.hxg6 hxg6
38.Ra1 Kf6 39.Rh1 f4 40.exf4 Rxd4 41.Rhd1 Rb4 42.Rac1 Nxf4+ 43.Ke3 Ke5 44.Rd6 Nd5+
45.Ke2 Rxa4 46.Rxc6 Ra2 47.Rxg6 Nf4+ 48.Ke3 Nxg6 49.c6 Ne7  0-1

[Event "ch-CHN 2011"]
[Site "Xinghua Jiangsu CHN"]
[Date "2011.03.31"]
[Round "2"]
[White "Ni Hua"]
[Black "Zhou Jianchao"]
[Result "1/2-1/2"]
[WhiteElo "2646"]
[BlackElo "2660"]

1.e4 c5 2.Nf3 d6 3.d4 cxd4 4.Nxd4 Nf6 5.Nc3 a6 6.Be3 e5 7.Nf3 Be7 8.Bc4 O-O
9.O-O Nc6 10.Re1 Na5 11.Bf1 h6 12.Na4 b5 13.Bb6 Qe8 14.Bxa5 bxa4 15.c4 Qc6
16.Bd3 Bd8 17.Bxd8 Rxd8 18.Nd2 Nd7 19.Nf1 Nc5 20.Bc2 Rb8 21.Rb1 Be6 22.b4 axb3
23.axb3 Rb4 24.Ne3 Rdb8 25.Nf5 Bxf5 26.exf5 Nd7 27.Ra1 Qb6 28.Qd5 Nf6 29.Qa5 Ra8
30.Qxb6 Rxb6  1/2-1/2

[Event "ch-CHN 2011"]
[Site "Xinghua Jiangsu CHN"]
[Date "2011.04.01"]
[Round "3"]
[White "Zhang Ziyang"]
[Black "Ni Hua"]
[Result "0-1"]
[WhiteElo "2442"]
[BlackElo "2646"]

1.d4 Nf6 2.c4 g6 3.f3 Nc6 4.Nc3 d5 5.cxd5 Nxd5 6.e4 Nxc3 7.bxc3 e5 8.d5 Na5
9.h4 Bc5 10.Ba3 Qd6 11.Bb4 Bxb4 12.Qa4+ Bd7 13.Qxb4 b6 14.Ba6 Ke7 15.O-O-O Bc8
16.Bb5 a6 17.Ba4 Rb8 18.f4 Bg4 19.Nf3 exf4 20.e5 Qxb4 21.cxb4 Nc4 22.Rd4 Bxf3
23.d6+ cxd6 24.exd6+ Nxd6 25.gxf3 Rbc8+ 26.Kb1 Nf5 27.Rxf4 Rhd8 28.h5 Rd4
29.Rxd4 Nxd4 30.hxg6 hxg6 31.Re1+ Kf6 32.Re4 Rc4 33.Rf4+ Kg7 34.a3 g5 35.Rg4 Nxf3
36.Rg3 Nd2+ 37.Kb2 Ne4  0-1

[Event "ch-CHN 2011"]
[Site "Xinghua Jiangsu CHN"]
[Date "2011.04.02"]
[Round "4"]
[White "Ni Hua"]
[Black "Bu Xiangzhi"]
[Result "1-0"]
[WhiteElo "2646"]
[BlackElo "2677"]

1.e4 e5 2.Nf3 Nf6 3.d4 Nxe4 4.Bd3 d5 5.dxe5 Be7 6.O-O Nc6 7.Nc3 Nxc3 8.bxc3 Be6
9.Rb1 Rb8 10.Re1 Qd7 11.Qd2 O-O 12.Qf4 f6 13.Qg3 Rf7 14.Bf4 fxe5 15.Bxe5 Bg4
16.Bxc7 Rbf8 17.Ne5 Nxe5 18.Bxe5 Bc5 19.Bd4 Bxd4 20.cxd4 Rxf2 21.Qh4 h6 22.Re7 g5
23.Rxd7 gxh4 24.Rd6 Be2 25.Rg6+ Kh8 26.Rxh6+ Kg7 27.Rg6+ Kh8 28.Bxe2 Rxe2
29.Rh6+ Kg7 30.Rxh4 b6 31.Rg4+ Kh6 32.h3 Rxc2 33.Re1 Rxa2 34.Re6+ Kh7 35.Re7+ Kh6
36.Reg7 Rf4 37.R4g6+ Kh5 38.Rg8 Rf7 39.Kh2 Rf8 40.Rg5+ Kh6 41.R8g6+ Kh7 42.Rg7+ Kh8
43.Rd7 b5 44.Rgxd5 Rb8 45.Rh5+ Kg8 46.Rg5+ Kf8 47.Rh5 Kg8 48.Rhh7 a6 49.h4 Rd2
50.h5 Rxd4 51.Rdg7+ Kf8 52.g4 Rb6 53.Rf7+ Kg8 54.Rfg7+ Kf8 55.Ra7 Kg8 56.Kg3 Rc6
57.Rhg7+ Kh8 58.Rgb7 Rd8 59.Kh4 Kg8 60.Rg7+ Kf8 61.Rh7 Kg8 62.h6 Rg6 63.Kh5 Rdd6
64.g5  1-0

[Event "ch-CHN 2011"]
[Site "Xinghua Jiangsu CHN"]
[Date "2011.04.03"]
[Round "5"]
[White "Yu Yangyi"]
[Black "Ni Hua"]
[Result "0-1"]
[WhiteElo "2652"]
[BlackElo "2646"]

1.e4 c6 2.d4 d5 3.e5 Bf5 4.h4 h6 5.g4 Bd7 6.h5 e6 7.c4 c5 8.dxc5 Bxc5 9.Nc3 Ne7
10.Nf3 Qb6 11.Qe2 Nbc6 12.Bg2 Na5 13.b3 dxc4 14.bxc4 Bb4 15.Bd2 Rc8 16.O-O Nxc4
17.Be1 Bxc3 18.Bxc3 Nd5 19.Bd4 Qa6 20.Bh1 Qa4 21.Rfc1 O-O 22.Kh2 Na3 23.Qd2 Nc2
24.Rab1 b6 25.g5 Rc4 26.Bb2 hxg5 27.Qxg5 Rg4 28.Qd2 Rc8 29.h6 Qe4 30.Rg1 Rh4+
31.Nxh4 Qxh4+ 32.Kg2 Nf4+  0-1

[Event "ch-CHN 2011"]
[Site "Xinghua Jiangsu CHN"]
[Date "2011.04.04"]
[Round "6"]
[White "Ni Hua"]
[Black "Zhao Jun"]
[Result "1-0"]
[WhiteElo "2646"]
[BlackElo "2580"]

1.e4 c5 2.Nf3 d6 3.d4 cxd4 4.Qxd4 Nf6 5.Bg5 Nc6 6.Bb5 Qa5+ 7.Nc3 Qxb5 8.Nxb5 Nxd4
9.Nfxd4 Nxe4 10.Nc7+ Kd8 11.Nxa8 Nxg5 12.Nb5 a6 13.Nc3 b5 14.Nb6 Bb7 15.f3 Ne6
16.a4 b4 17.Ncd5 a5 18.O-O-O Ba6 19.Ne3 Nc5 20.Nbc4 Nb7 21.Ne5 Ke8 22.Nd5 e6
23.Nc7+ Ke7 24.Nxa6 dxe5 25.Rd3 Kf6 26.Rhd1 h5 27.Rd7 Nc5 28.Ra7 Nxa4 29.Rdd7 g5
30.Rxf7+ Kg6 31.Rfc7 g4 32.Kb1 Bh6 33.Rc6 gxf3 34.gxf3 Be3 35.Re7 Bd4 36.Nc7 Rc8
37.Rexe6+ Kg5 38.Nb5 Rxc6 39.Rxc6 Bxb2 40.Ra6 Bd4 41.Nxd4 Nc3+ 42.Kb2 exd4
43.Rxa5+ Kh4 44.Kb3 Nb1 45.Kxb4 Nd2 46.f4 Nf3 47.f5 Kg5 48.f6+ Kxf6 49.Rxh5 Ne1
50.Kb3 d3 51.c4 d2 52.Rd5 Nf3 53.h3  1-0

[Event "ch-CHN 2011"]
[Site "Xinghua Jiangsu CHN"]
[Date "2011.04.07"]
[Round "8"]
[White "Li Shilong"]
[Black "Ni Hua"]
[Result "1-0"]
[WhiteElo "2520"]
[BlackElo "2646"]

1.d4 Nf6 2.c4 e6 3.Nc3 Bb4 4.Qc2 O-O 5.Nf3 c5 6.dxc5 Na6 7.g3 Nxc5 8.Bg2 Nce4
9.Bd2 Nxd2 10.Nxd2 a6 11.O-O Be7 12.Rfd1 Qc7 13.Rac1 Rb8 14.Qd3 Rd8 15.Nde4 Ng4
16.Qd4 d6 17.Qa7 Bd7 18.Nb5 Qa5 19.Nexd6 Bg5 20.f4 Bf6 21.Nxb7 Rxb7 22.Bxb7 Bxb2
23.Rb1 Bxb5 24.cxb5 Rxd1+ 25.Rxd1 g6 26.Bf3 Qa4 27.Rd8+ Kg7 28.Bxg4 Qe4 29.Bf3  1-0

[Event "ch-CHN 2011"]
[Site "Xinghua Jiangsu CHN"]
[Date "2011.04.09"]
[Round "10"]
[White "Li Chao2"]
[Black "Ni Hua"]
[Result "1-0"]
[WhiteElo "2646"]
[BlackElo "2646"]

1.d4 Nf6 2.c4 e6 3.Nc3 Bb4 4.Qc2 O-O 5.e4 d5 6.e5 Ne4 7.Bd3 c5 8.Nf3 cxd4
9.Nxd4 Nc5 10.Bxh7+ Kh8 11.Nf3 dxc4 12.O-O Nd3 13.Be4 Nc6 14.Rd1 Be7 15.Qe2 Nxc1
16.Raxc1 Qa5 17.Bb1 g6 18.h4 Kg7 19.h5 Rh8 20.hxg6 f6 21.exf6+ Bxf6 22.Ne4 Qh5
23.Ng3 Qh6 24.Qxc4  1-0

[Event "ch-CHN 2011"]
[Site "Xinghua Jiangsu CHN"]
[Date "2011.04.10"]
[Round "11"]
[White "Ni Hua"]
[Black "Xiu,D"]
[Result "1-0"]
[WhiteElo "2646"]
[BlackElo "2508"]

1.e4 c5 2.Nf3 d6 3.d4 cxd4 4.Qxd4 a6 5.h3 Nc6 6.Qe3 Nf6 7.c4 g6 8.Be2 Bg7
9.O-O O-O 10.Nc3 Nd7 11.Rd1 Nc5 12.Rb1 a5 13.Bd2 f5 14.exf5 Bxf5 15.Rbc1 e5
16.Nb5 Nd4 17.Bc3 Bh6 18.Qxh6 Nxe2+ 19.Kh2 Qe7 20.Nxd6 Nxc1 21.Qxc1 Bd3 22.Nb5 Be2
23.Rd5 Bxf3 24.Rxe5 Qh4 25.g3 Bc6 26.Qe3 Qxc4 27.Re7 Ne6 28.Nd6 Qxa2 29.Qxe6+ Qxe6
30.Rg7+ Kh8 31.Rxg6+ Rf6 32.Bxf6+ Qxf6 33.Rxf6 a4 34.g4 Kg8 35.Nf5 Be8 36.Rb6 Ra7
37.Nd6 Bg6 38.Nc8  1-0

[Event "1st Chinese Celebrity"]
[Site "Shenzhen CHN"]
[Date "2011.06.12"]
[Round "1"]
[White "Ni Hua"]
[Black "Hou Yifan"]
[Result "1-0"]
[WhiteElo "2661"]
[BlackElo "2612"]

1.d4 Nf6 2.c4 e6 3.g3 d5 4.Nf3 Bb4+ 5.Bd2 Bxd2+ 6.Nbxd2 c6 7.Bg2 Nbd7 8.O-O b6
9.Qc2 Bb7 10.b4 a5 11.a3 Qe7 12.c5 bxc5 13.bxc5 O-O 14.e4 dxe4 15.Nxe4 Nxe4
16.Qxe4 Nf6 17.Qc2 Nd5 18.Rfe1 Ba6 19.Ne5 Qc7 20.Be4 g6 21.h4 f6 22.Nc4 Bxc4
23.Qxc4 Rae8 24.Rab1 f5 25.Bg2 f4 26.Re5 Qf7 27.Rf1 Kg7 28.Qa6 f3 29.Bh3 Nc3
30.Kh2 Ne2 31.Rd1 Qc7 32.Qd3 Rf6 33.Bf1 Qf7 34.Rd2 Rd8 35.Bxe2 fxe2 36.Rexe2 e5
37.Qe3 exd4 38.Rxd4 Re8 39.Qxe8 Rxf2+ 40.Kh3 Qf5+ 41.Rg4 Rxe2 42.Qxe2 h5
43.Qe7+ Kg8 44.Qe8+ Kh7 45.Qxg6+  1-0

[Event "1st Chinese Celebrity"]
[Site "Shenzhen CHN"]
[Date "2011.06.12"]
[Round "2"]
[White "Bu Xiangzhi"]
[Black "Ni Hua"]
[Result "1-0"]
[WhiteElo "2662"]
[BlackElo "2661"]

1.d4 d5 2.c4 c6 3.Nf3 Nf6 4.Nc3 dxc4 5.a4 Bf5 6.Ne5 Nbd7 7.Nxc4 Nb6 8.Ne5 a5
9.g3 e6 10.Bg2 Bb4 11.O-O O-O 12.e3 Nfd7 13.Nd3 e5 14.Ne2 Bd6 15.e4 Bg4 16.f3 Be6
17.b3 f5 18.Be3 fxe4 19.fxe4 Rxf1+ 20.Bxf1 exd4 21.Nxd4 Qe7 22.Nf4 Bxf4 23.Bxf4 Nc5
24.Qc2 Rd8 25.Rd1 Rd7 26.Be3 Bg4 27.Re1 Na6 28.Bxa6 Qb4 29.Bc4+  1-0

[Event "1st Chinese Celebrity"]
[Site "Shenzhen CHN"]
[Date "2011.06.12"]
[Round "3"]
[White "Ni Hua"]
[Black "Yu Yangyi"]
[Result "1-0"]
[WhiteElo "2661"]
[BlackElo "2646"]

1.c4 Nf6 2.Nc3 e6 3.e4 c5 4.e5 Ng8 5.d4 cxd4 6.Qxd4 Nc6 7.Qe4 f5 8.Qe2 Bb4
9.Nf3 Nge7 10.Bd2 O-O 11.O-O-O a6 12.Kb1 b5 13.Qe3 Rb8 14.h4 bxc4 15.Bxc4 Na5
16.Be2 Bb7 17.Ka1 Nd5 18.Nxd5 Bxd5 19.Bxb4 Rxb4 20.Rd4 Nc6 21.Rxb4 Nxb4 22.Qc5 Qb8
23.a3 Nc6 24.Rc1 Na5 25.Qxa5 Qb3 26.Kb1 Qa2+ 27.Kc2 Rc8+ 28.Kd3 Rb8 29.Nd4 h6
30.b4 Qb2 31.Qc7 Qxa3+ 32.Qc3 Qxb4 33.Qxb4 Rxb4 34.g3 a5 35.Ra1 Bc4+ 36.Kd2 Bxe2
37.Nxe2 a4 38.f4 Kf7 39.Nc3 Rb2+ 40.Kd3 Kg6 41.Rxa4 Kh5 42.Ne2 Kg4 43.Ke3 Rb3+
44.Kf2 Rf3+ 45.Kg2 Re3 46.Ra2 g5 47.hxg5 hxg5 48.Rd2 Rb3 49.Rxd7 Re3 50.Rd2 gxf4
51.gxf4 Ra3 52.Rd7  1-0

[Event "1st Chinese Celebrity"]
[Site "Shenzhen CHN"]
[Date "2011.06.13"]
[Round "4"]
[White "Ni Hua"]
[Black "Li Chao2"]
[Result "1/2-1/2"]
[WhiteElo "2661"]
[BlackElo "2656"]

1.Nf3 Nf6 2.c4 g6 3.Nc3 d5 4.cxd5 Nxd5 5.g3 Bg7 6.Bg2 O-O 7.O-O Nxc3 8.bxc3 c5
9.Rb1 Qa5 10.Qb3 Nc6 11.Qa3 b6 12.Nd4 cxd4 13.Bxc6 Bf5 14.Qxa5 bxa5 15.Rb7 d3
16.exd3 Bxd3 17.Re1 e6 18.Rd7 Rac8 19.Bf3 Rfd8 20.Rxa7 Rb8 21.Ba3 Rb5 22.Be7 Rdb8
23.Kg2 Rb2 24.Rxa5 Rxd2 25.Bb4 Bd4 26.cxd4 Rxb4 27.Rd1 Rxd1 28.Bxd1 Rb1 29.Bb3 Be4+
30.Kh3 Rb2 31.Re5 Bh1 32.d5 exd5 33.Bxd5 Bxd5 34.Rxd5 Rxf2 35.a4 Ra2 36.Rd4  1/2-1/2

[Event "1st Chinese Celebrity"]
[Site "Shenzhen CHN"]
[Date "2011.06.14"]
[Round "6"]
[White "Ni Hua"]
[Black "Zhou Jianchao"]
[Result "1/2-1/2"]
[WhiteElo "2661"]
[BlackElo "2636"]

1.Nf3 c5 2.c4 Nc6 3.Nc3 g6 4.e3 Bg7 5.d4 d6 6.Be2 Nf6 7.O-O O-O 8.d5 Na5
9.a3 Bg4 10.Nd2 Bxe2 11.Qxe2 Nd7 12.Rb1 Qb6 13.Nce4 Nb3 14.h4 Nxc1 15.Rfxc1 Qa6
16.h5 Rab8 17.Qg4 Nf6 18.Nxf6+ exf6 19.Qh4 Qa5 20.b4 cxb4 21.axb4 Qd8 22.Qg3 f5
23.Nf3 Re8 24.Rd1 Rc8 25.Rbc1 Re4 26.c5 Rxb4 27.Qxd6 Qxd6 28.cxd6 Rd8 29.Rc7 Rb6
30.Ng5 Rbxd6 31.Nxf7 Rxd5 32.Rxd5 Rxd5 33.Rxb7 a5 34.Ng5 Bh6 35.Nxh7 Rd6
36.hxg6 Rxg6 37.Ra7 Bg7 38.Rxa5 Kxh7 39.Rxf5 Ra6 40.g4 Kg6 41.Kg2 Bf6 42.Rb5 Ra3
43.Rb6 Kg5 44.Kg3 Be5+ 45.Kf3 Bc3 46.Rb5+ Kg6 47.Rc5 Bf6 48.Kf4 Ra4+ 49.e4 Bd4
50.Rc6+ Kf7 51.f3 Ra3 52.g5 Be3+ 53.Kg4 Bxg5  1/2-1/2

[Event "1st Chinese Celebrity"]
[Site "Shenzhen CHN"]
[Date "2011.06.14"]
[Round "7"]
[White "Ding,L"]
[Black "Ni Hua"]
[Result "0-1"]
[WhiteElo "2664"]
[BlackElo "2661"]

1.d4 Nf6 2.c4 e6 3.Nf3 d5 4.Nc3 Bb4 5.cxd5 exd5 6.Bg5 h6 7.Bh4 c5 8.e3 g5
9.Bg3 Ne4 10.Rc1 c4 11.Be2 Nc6 12.O-O Bxc3 13.bxc3 Qa5 14.Ne5 Bf5 15.Bg4 Ne7
16.f4 Bxg4 17.Qxg4 Nf6 18.Qe2 Qa6 19.fxg5 hxg5 20.e4 Nxe4 21.Rxf7 Qe6 22.Rcf1 O-O-O
23.Qb2 Rhe8 24.Qa3 Qa6 25.Qxa6 bxa6 26.Be1 Rd6 27.h4 gxh4 28.Bxh4 Re6 29.R1f3 Kc7
30.Rg7 Kb6 31.Rff7 Nc6 32.Rb7+ Ka5 33.Rgd7 Rxe5 34.dxe5 Rxe5 35.Rdc7 Re6
36.Rb1 Nxc3 37.Be1 d4 38.Bxc3+ dxc3 39.Kf1 c2 40.Rc1 Kb6 41.Rc8 Kb7 42.Rf8 Nd4
43.Rf4 Rd6 44.g4 Kc6 45.g5 Kc5 46.Rf6 Rd5 47.g6 Kb4 48.Kf2 Rg5 49.Ke3 Kc3
50.Rxa6 Rg3+ 51.Ke4 Kb2 52.Rh1 c1=Q 53.Rxc1 Kxc1 54.Kxd4 c3 55.Ke5 c2 56.Rxa7 Rxg6
57.a4 Rc6 58.Kd5 Rc8  0-1

[Event "1st ch-CHN Rapid Prelim"]
[Site "Hefei CHN"]
[Date "2011.07.03"]
[Round "1"]
[White "Ni Hua"]
[Black "Ma Zhonghan"]
[Result "1-0"]
[WhiteElo "2662"]
[BlackElo "2378"]

1.e4 c5 2.Nf3 d6 3.d4 cxd4 4.Nxd4 Nf6 5.Nc3 a6 6.Be3 e5 7.Nb3 Be6 8.Qd2 Nbd7
9.f4 Qc7 10.O-O-O Be7 11.f5 Bc4 12.g4 h6 13.Rg1 b5 14.Kb1 Rc8 15.a3 Nb6 16.Bxb6 Qxb6
17.Bd3 b4 18.axb4 Qxb4 19.h4 Bxd3 20.Qxd3 Rxc3 21.bxc3 Qxe4 22.Qxa6 O-O 23.g5 Nd5
24.Qc6 Nxc3+ 25.Qxc3 Qxf5 26.gxh6 g6 27.Rdf1 Qh5 28.Qc7 Qxh4 29.Rg4 Qxg4
30.Qxe7 Qh5 31.Qxd6 Qxh6 32.Qxe5 Qg7 33.Qxg7+ Kxg7 34.c4 f5 35.Kc2 Kf6 36.Kd3 Rd8+
37.Nd4 Rc8 38.Rc1 Ke5 39.Re1+ Kf6 40.Rc1 Ke5 41.c5 Rd8 42.Rc4 f4 43.c6 Kd6
44.c7 Rc8 45.Nb5+  1-0

[Event "1st ch-CHN Rapid Prelim"]
[Site "Hefei CHN"]
[Date "2011.07.03"]
[Round "3"]
[White "Ni Hua"]
[Black "Zeng Chongshen"]
[Result "1/2-1/2"]
[WhiteElo "2662"]
[BlackElo "2413"]

1.Nf3 Nf6 2.c4 c6 3.d4 d5 4.Qc2 dxc4 5.Qxc4 Bg4 6.Nbd2 Nbd7 7.g3 e6 8.Bg2 Be7
9.O-O O-O 10.h3 Bh5 11.Qb3 Qb6 12.Nc4 Qa6 13.Bg5 h6 14.Bxf6 Nxf6 15.e3 Rad8
16.Nfe5 Be2 17.Rfe1 Bxc4 18.Nxc4 Nd5 19.Bf1 c5 20.e4 Nc7 21.d5 b5 22.Ne5 c4
23.Qf3 exd5 24.exd5 Rxd5 25.Nxc4 Bc5 26.Ne3 Rd2 27.Rac1 Ne6 28.Qf5 Qb6 29.b4 Bxb4
30.Nd5 Rxd5 31.Qxd5 Bxe1 32.Rxe1 a6 33.Rc1 Rd8 34.Qc6 Qa5 35.Rc2 Nd4 36.Qc7 Nf3+
37.Kg2 Ne1+ 38.Kg1 Qxc7 39.Rxc7 Rd2 40.Ra7 Rd6 41.a4 bxa4 42.Bxa6  1/2-1/2

[Event "1st ch-CHN Rapid Prelim"]
[Site "Hefei CHN"]
[Date "2011.07.04"]
[Round "4"]
[White "Xu Jun"]
[Black "Ni Hua"]
[Result "1-0"]
[WhiteElo "2498"]
[BlackElo "2662"]

1.Nf3 Nf6 2.c4 e6 3.d4 d5 4.Nc3 Bb4 5.Bg5 h6 6.Bxf6 Qxf6 7.e3 O-O 8.Be2 dxc4
9.O-O Bxc3 10.bxc3 c5 11.Bxc4 Rd8 12.Ne5 Nd7 13.f4 Nb6 14.Bb3 Bd7 15.f5 c4
16.Bc2 exf5 17.Nxd7 Nxd7 18.Rxf5 Qe7 19.e4 g6 20.Rf2 b5 21.Qf3 a5 22.e5 b4
23.Raf1 Rf8 24.Qc6 Qe6 25.Qf3 Rad8 26.Be4 Kg7 27.Kh1 bxc3 28.Qxc3 f5 29.exf6+ Nxf6
30.d5 Qd6 31.Bc2 Qb4 32.Qg3 g5 33.Rxf6  1-0

[Event "1st ch-CHN Rapid Prelim"]
[Site "Hefei CHN"]
[Date "2011.07.04"]
[Round "6"]
[White "Ma Qun"]
[Black "Ni Hua"]
[Result "0-1"]
[WhiteElo "2447"]
[BlackElo "2662"]

1.e4 c6 2.d4 d5 3.e5 Bf5 4.Nf3 e6 5.Be2 c5 6.Be3 Qb6 7.Nc3 Nc6 8.O-O Qxb2
9.Nb5 c4 10.Nc7+ Kd7 11.Nxa8 Bxc2 12.Qe1 Bb4 13.Bd2 c3 14.Bg5 h6 15.a3 Ba5
16.Be3 Nge7 17.g4 Rxa8 18.a4 Be4 19.Rc1 Rc8 20.g5 Nf5 21.h4 c2 22.Bd2 Bxf3
23.Bxf3 Ncxd4 24.Bg4 Bxd2 25.Qxd2 Qc3 26.Qf4 Rc4  0-1

[Event "1st ch-CHN Rapid Men Prelim"]
[Site "Hefei CHN"]
[Date "2011.07.05"]
[Round "8.4"]
[White "Ni Hua"]
[Black "Xiu Deshun"]
[Result "1/2-1/2"]
[WhiteElo "2662"]
[BlackElo "2519"]

1.Nf3 Nf6 2.c4 c5 3.Nc3 e6 4.g3 b6 5.Bg2 Bb7 6.O-O Be7 7.b3 O-O 8.Bb2 d5
9.e3 Nc6 10.d3 Qd7 11.cxd5 Nxd5 12.Nxd5 Qxd5 13.Ne5 Qd6 14.Nc4 Qd7 15.Qg4 g6
16.Rfd1 Rad8 17.d4 cxd4 18.exd4 Nb4 19.Ne5 Qc8 20.Rac1 Qa8 21.Bxb7 Qxb7 22.d5 Rxd5
23.Qf4 Rxd1+ 24.Rxd1 Nd5 25.Ng4 f6 26.Qe4 Qc6 27.h4 Rc8 28.Re1 Kf7 29.h5 Qd7
30.Qf3 Qd8 31.hxg6+ hxg6 32.Ne5+ Kg7 33.Nxg6 Kxg6 34.Qg4+ Kf7 35.Qxe6+ Kf8
36.Rd1 Rc5 37.Bc1 Rxc1 38.Rxc1 Nc7 39.Qh3 b5 40.Qh8+ Kf7 41.Qh5+ Kg7 42.Rd1 Qc8
43.Rd4 Ne6 44.Qg4+ Kf7 45.Rd1 Qc6 46.Qh5+ Kg7 47.Re1 Bf8 48.Qg4+ Kf7 49.Rd1 Bc5
50.Qh5+ Kg7 51.Qg4+ Kf7 52.Qh5+ Kg7 53.Qg4+ Kf7 54.Qh5+ Kg7 55.Qg4+ Kf7 56.Qh5+ Kg7
57.Qg4+ Kf7 58.Qh5+ Kg7 59.Qf5 a6 60.Rd3 Bf8 61.Qg4+ Kf7 62.Qh5+ Kg7 63.Qg4+ Kf7
64.Kh2 Qc5 65.Rf3 Qc2 66.Qh5+ Qg6 67.Qd5 Qg5 68.Rf5 Qc1 69.Kg2 Qc8 70.Rf3 Kg7
71.Re3 Ng5 72.Kg1 Bc5 73.Rd3 Kg6 74.Qd7 Qxd7 75.Rxd7 Ne4 76.Kg2 f5 77.f3 Nf6
78.Rc7 Bd4 79.Rc6 a5 80.Ra6 Bc3 81.Rb6 Kf7 82.Rxb5 Ke6 83.Rb6+ Ke5 84.f4+ Ke4
85.Rc6 Nd5 86.Re6+ Kd3 87.Kf3 Nb4 88.Rd6+ Bd4 89.g4 fxg4+ 90.Kxg4 Ke4 91.f5 Nd5
92.Kg5 Be3+ 93.Kg4 Bd4 94.Re6+ Be5 95.Kg5 Nf4 96.Ra6 Nh3+ 97.Kh4 Nf4 98.f6 Kf5
99.f7 Bg7 100.Rxa5+ Kf6 101.Kg4 Ng6 102.Rf5+ Ke7 103.a4 Ne5+ 104.Kf4 Nxf7
105.a5 Bh6+ 106.Kf3 Nd6 107.a6 Nxf5 108.a7 Nd4+ 109.Ke4 Nxb3 110.a8=Q Nc5+
111.Kd5 Nd7 112.Qa3+ Kf7 113.Qa7 Ke8 114.Ke6 Nf8+ 115.Kf6 Nd7+ 116.Kg6 Bf8
117.Qc7 Bc5 118.Qc6 Ke7 119.Kf5 Bd6 120.Qe4+ Kd8 121.Qg2 Nc5 122.Kf6 Kd7
123.Kf7 Kc7 124.Ke8 Nb7 125.Qg7+ Kc6 126.Qd7+ Kb6 127.Kf7 Bc7 128.Qd4+ Nc5
129.Ke7 Kc6 130.Qd1 Kb6 131.Qf3 Kb5 132.Qa3 Kc6 133.Qa7 Nb7 134.Qa8 Bb6 135.Qe8+ Kc7
136.Qd7+ Kb8 137.Qc6 Ka7 138.Kd7 Na5 139.Qb5 Nb7 140.Qa4+ Na5 141.Kc8 Ka6
142.Kb8 Bc5 143.Kc8 Kb6 144.Kd7 Bf8 145.Qd4+ Bc5 146.Qb2+ Ka6 147.Kc7 Bd6+
148.Kc8 Nc4 149.Qb7+ Ka5 150.Kd7 Ka4 151.Ke6 Bb4 152.Kd5 Na3 153.Kd4 Nb5+
154.Kd3 Na3 155.Qa6+ Kb3 156.Qc6 Ba5 157.Qc1 Bb4 158.Qd1+ Kb2 159.Kd4 Bc3+
160.Kc5 Ka2 161.Qe2+ Kb3 162.Kd5 Bb2 163.Qd3+ Kb4 164.Kc6 Bc3 165.Qd6+ Kb3
166.Qb8+ Kc4 167.Qb7 Bb4 168.Qa6+ Kd4  1/2-1/2

[Event "1st ch-CHN Rapid Men Prelim"]
[Site "Hefei CHN"]
[Date "2011.07.05"]
[Round "9.5"]
[White "Zhou Weiqi"]
[Black "Ni Hua"]
[Result "1/2-1/2"]
[WhiteElo "2605"]
[BlackElo "2662"]

1.d4 d5 2.c4 c6 3.Nc3 Nf6 4.cxd5 cxd5 5.Nf3 Nc6 6.Bf4 Bf5 7.Qb3 Na5 8.Qa4+ Bd7
9.Qc2 e6 10.e3 Rc8 11.Bd3 Nc4 12.O-O Be7 13.Ne5 b5 14.Rfc1 Nxe5 15.dxe5 Nh5
16.Qe2 Nxf4 17.exf4 b4 18.Nb5 O-O 19.Nxa7 Rxc1+ 20.Rxc1 Qb6 21.Nb5 Rb8 22.Nd6 Bxd6
23.exd6 Qxd6 24.Qe5 Qxe5 25.fxe5 g5 26.g3 Bb5 27.Bxb5 Rxb5 28.f4 Kg7 29.fxg5 Ra5
30.Ra1 Kg6 31.h4 d4 32.a4 bxa3 33.bxa3 Rxe5 34.a4 Ra5 35.g4 e5 36.Kf2 e4
37.Kg3 Re5 38.a5 e3 39.a6 e2 40.Kf2 d3 41.Ke1 Re7 42.a7 d2+ 43.Kxd2 e1=Q+
44.Rxe1 Rxa7 45.Re8 Kg7 46.Ke3 f6 47.gxf6+ Kxf6 48.Kf4 h6 49.h5 Ra4+ 50.Kg3 Ra3+
51.Kh4 Kg7 52.Re7+ Kg8 53.Re8+ Kg7 54.Re7+ Kg8  1/2-1/2

[Event "Biel MTO Open"]
[Site "Biel SUI"]
[Date "2011.07.18"]
[Round "1"]
[White "Ni Hua"]
[Black "Karrer,D"]
[Result "1-0"]
[WhiteElo "2662"]
[BlackElo "2213"]

1.e4 c5 2.Nf3 e6 3.d4 cxd4 4.Nxd4 a6 5.Bd3 Nc6 6.Nxc6 dxc6 7.O-O e5 8.Nd2 Qc7
9.a4 Nf6 10.Nc4 Bc5 11.Bg5 Be6 12.Qf3 Nd7 13.a5 h5 14.c3 f6 15.Be3 O-O-O
16.b4 Bxe3 17.Qxe3 Kb8 18.Rfd1 Nf8 19.h4 Ng6 20.g3 Qf7 21.Nb6 f5 22.Qg5 f4
23.Bc4 Rdg8 24.Rd7 Qe8 25.Bxe6 Qxe6 26.Qf5 Qe8 27.Rad1 fxg3 28.fxg3 Rf8 29.Rd8+ Qxd8
30.Rxd8+ Rxd8 31.Qxg6 Rd1+ 32.Kg2  1-0

[Event "Biel MTO Open"]
[Site "Biel SUI"]
[Date "2011.07.19"]
[Round "2"]
[White "Tischbierek,R"]
[Black "Ni Hua"]
[Result "0-1"]
[WhiteElo "2436"]
[BlackElo "2662"]

1.e4 e6 2.d4 d5 3.Nd2 c5 4.exd5 Qxd5 5.Ngf3 cxd4 6.Bc4 Qd7 7.O-O Nc6 8.Nb3 Nf6
9.Nbxd4 Nxd4 10.Nxd4 a6 11.Bb3 Bc5 12.c3 O-O 13.Bg5 Ne4 14.Bh4 Be7 15.Bxe7 Qxe7
16.Re1 Nf6 17.Qf3 Qc7 18.Qg3 Qxg3 19.hxg3 Bd7 20.f3 h5 21.Rad1 Rfc8 22.a4 Rc5
23.Bc2 Rac8 24.Nb3 Rg5 25.Rd4 a5 26.Nd2 Rd5 27.Rxd5 Nxd5 28.Kf2 g6 29.Re4 Nb6
30.Rd4 e5 31.Rd6 Bc6 32.b3 Kf8 33.Be4 Ke7 34.Rd3 f5 35.Bxc6 bxc6 36.b4 Ra8
37.b5 Nxa4 38.bxc6 Nb6 39.c4 Rd8 40.Rxd8 Kxd8 41.c5 Nd5 42.Nc4 a4 43.Ke2 Kc7
44.Kd3 Kxc6 45.Nxe5+ Kxc5 46.Nxg6 a3 47.Kc2 Kb4  0-1

[Event "Biel MTO Open"]
[Site "Biel SUI"]
[Date "2011.07.20"]
[Round "3"]
[White "Ni Hua"]
[Black "Kovchan,A"]
[Result "1-0"]
[WhiteElo "2662"]
[BlackElo "2554"]

1.d4 Nf6 2.c4 g6 3.Nc3 d5 4.Nf3 Bg7 5.Qb3 dxc4 6.Qxc4 O-O 7.e4 a6 8.Be2 b5
9.Qd3 Bb7 10.e5 Nd5 11.O-O Nd7 12.e6 Nxc3 13.bxc3 fxe6 14.Ng5 Rf6 15.Qh3 Nf8
16.a4 Bd5 17.Qg3 Qd6 18.Ba3 Qxg3 19.hxg3 h6 20.Nh3 bxa4 21.Bxe7 Rf7 22.Bxf8 Rfxf8
23.Nf4 Bb3 24.Nxg6 Rf6 25.Ne7+ Kh8 26.Nc6 e5 27.Nxe5 c5 28.Bc4 cxd4 29.cxd4 Rb6
30.Rfb1 Rb4 31.Bd5 Rc8 32.Be6 Rc3 33.Nf7+ Kh7 34.d5 Rd4 35.Re1 Rc7 36.Nd6 Bxd5
37.Bxd5 Rxd5 38.Ne8 Rc4 39.Re7 Rg5 40.Ra7 Rc2 41.Nxg7 Rxg7 42.Rxg7+ Kxg7
43.Rxa4 Rc6 44.g4 Kf6 45.Ra5 Ke7 46.Kh2 Kd6 47.Kg3 Kc7 48.Kh4 Rc2 49.Rxa6 Rxf2
50.Rxh6 Kd7 51.Kg5 Ke7 52.Rh7+ Kf8 53.Kg6 Kg8 54.Rg7+ Kf8 55.Ra7 Rxg2 56.g5 Rg1
57.Ra8+ Ke7 58.Rg8 Rg2 59.Kh7 Rg1 60.g6 Kf6 61.Rf8+ Ke7 62.Rf2 Rh1+ 63.Kg8 Rh3
64.g7 Rh1 65.Re2+ Kd7 66.Re4 Rh2 67.Kf7 Rf2+ 68.Kg6 Rg2+ 69.Kf6 Rg1 70.Re5  1-0

[Event "Biel MTO Open"]
[Site "Biel SUI"]
[Date "2011.07.21"]
[Round "4"]
[White "Al Sayed,Mohamad"]
[Black "Ni Hua"]
[Result "1/2-1/2"]
[WhiteElo "2498"]
[BlackElo "2662"]

1.d4 d5 2.c4 c6 3.Nc3 Nf6 4.e3 a6 5.Nf3 b5 6.c5 g6 7.Ne5 Bg7 8.g3 a5 9.Bg2 h5
10.O-O Bf5 11.f3 Nfd7 12.e4 dxe4 13.Nxf7 Kxf7 14.fxe4 b4 15.exf5 bxc3 16.fxg6+ Ke8
17.Rf7 c2 18.Qd2 Rg8 19.Kh1 Bxd4 20.Qxd4 Nf6 21.Qxd8+ Kxd8 22.Bf4 Nbd7 23.Bxc6 Rc8
24.Bxd7 Kxd7 25.Re1 Nd5 26.Rf5 Rxc5 27.Be3 Rb5 28.a4 Nxe3 29.Rxb5 Rxg6 30.Kg1 Nd1
31.Rc5 Rc6 32.Rxc2 Rxc2 33.Rxd1+ Ke6 34.Rb1 Kf5 35.Rf1+ Kg5 36.Rf2 Rc4 37.b3 Rc3
38.Rf7 Rxb3 39.Rxe7 Rb4 40.Re5+ Kg4 41.Rxa5 Rb1+ 42.Kg2 Rb2+  1/2-1/2

[Event "Biel MTO Open"]
[Site "Biel SUI"]
[Date "2011.07.23"]
[Round "6"]
[White "Maze,S"]
[Black "Ni Hua"]
[Result "0-1"]
[WhiteElo "2578"]
[BlackElo "2662"]

1.e4 c6 2.d4 d5 3.e5 Bf5 4.Nf3 e6 5.Be2 c5 6.Be3 Qb6 7.Nc3 Nc6 8.Bb5 Nh6
9.dxc5 Bxc5 10.Nd4 Bxd4 11.Bxd4 Qc7 12.Bxc6+ Qxc6 13.O-O Bg6 14.Rc1 Nf5 15.Ne2 a5
16.c3 O-O 17.Re1 Rfc8 18.f3 b5 19.Bf2 Qb7 20.g4 Ne7 21.h4 h5 22.Qd2 Nc6 23.Ng3 hxg4
24.h5 Bh7 25.fxg4 Qe7 26.Qf4 b4 27.g5 bxc3 28.bxc3 Rab8 29.h6 gxh6 30.gxh6 Kh8
31.Re2 Rg8 32.Kh2 Qg5 33.Be3 Qxf4 34.Bxf4 Rg4 35.Rf2 Rbg8 36.Kh3 Ne7 37.Rf3 Be4
38.h7 Kxh7  0-1